African drama and performance / (Record no. 583)

000 -LEADER
fixed length control field 01152cam a2200313 a 4500
001 - CONTROL NUMBER
control field 13456951
003 - CONTROL NUMBER IDENTIFIER
control field OSt
005 - DATE AND TIME OF LATEST TRANSACTION
control field 20140116120832.0
008 - FIXED-LENGTH DATA ELEMENTS--GENERAL INFORMATION
fixed length control field 040113s2004 inu b 001 0 eng
010 ## - LIBRARY OF CONGRESS CONTROL NUMBER
LC control number 2004000688
020 ## - INTERNATIONAL STANDARD BOOK NUMBER
International Standard Book Number 9780253217011
040 ## - CATALOGING SOURCE
Transcribing agency DLC
Modifying agency DLC
043 ## - GEOGRAPHIC AREA CODE
Geographic area code f------
050 00 - LIBRARY OF CONGRESS CALL NUMBER
Classification number PN2969.A37 2004
245 00 - TITLE STATEMENT
Title African drama and performance /
Statement of responsibility, etc edited by John Conteh-Morgan and Tejumola Olaniyan.
260 ## - PUBLICATION, DISTRIBUTION, ETC. (IMPRINT)
Place of publication, distribution, etc Bloomington :
Name of publisher, distributor, etc Indiana University Press,
Date of publication, distribution, etc 2004.
300 ## - PHYSICAL DESCRIPTION
Extent vi, 274 p.
440 #0 - SERIES STATEMENT/ADDED ENTRY--TITLE
Title African expressive cultures
504 ## - BIBLIOGRAPHY, ETC. NOTE
Bibliography, etc Includes bibliographical references and index.
650 #0 - SUBJECT ADDED ENTRY--TOPICAL TERM
Topical term or geographic name as entry element Theater
Geographic subdivision Africa
General subdivision History
Chronological subdivision 20th century.
650 #0 - SUBJECT ADDED ENTRY--TOPICAL TERM
Topical term or geographic name as entry element Performing arts
Geographic subdivision Africa
General subdivision History
Chronological subdivision 20th century.
650 #0 - SUBJECT ADDED ENTRY--TOPICAL TERM
Topical term or geographic name as entry element African drama
Chronological subdivision 20th century
General subdivision History and criticism.
700 1# - ADDED ENTRY--PERSONAL NAME
Personal name Conteh-Morgan, John.
700 1# - ADDED ENTRY--PERSONAL NAME
Personal name Olaniyan, Tejumola.
856 41 - ELECTRONIC LOCATION AND ACCESS
Materials specified Table of contents
Uniform Resource Identifier <a href="http://www.loc.gov/catdir/toc/ecip0413/2004000688.html">http://www.loc.gov/catdir/toc/ecip0413/2004000688.html</a>
906 ## - LOCAL DATA ELEMENT F, LDF (RLIN)
a 7
b cbc
c orignew
d 1
e ecip
f 20
g y-gencatlg
942 ## - ADDED ENTRY ELEMENTS (KOHA)
Source of classification or shelving scheme
Koha item type Book
Holdings
Withdrawn status Lost status Source of classification or shelving scheme Damaged status Not for loan Home library Current library Date acquired Source of acquisition Total Checkouts Total Renewals Full call number Barcode Date last seen Date checked out Copy number Price effective from Koha item type
          Riara University Library Riara University Library 24/10/2011 Purchase 1 1 PN2969.A37 2004 2313/11 07/06/2023 11/04/2023 C.1 24/10/2011 Book
          Riara University Library Riara University Library 24/10/2011 Purchase     PN2969.A37 2004 2314/11 24/10/2011   C.2 24/10/2011 Book
          Riara University Library Riara University Library 24/10/2011 Purchase 1   PN2969.A37 2004 2315/11 11/10/2012 09/10/2012 C.3 24/10/2011 Book

Riara University Library,
P.O. Box 49940-00100,
Nairobi, Kenya.